01246nam a2200241Ia 4500001001100000003001000011008004100021040002500062041001300087100002000100245003600120250001100156260009000167300001200257500018800269501011400457520018800571650002800759942000700787957000600794999004200800952016200842L371-28881IT-CnALBA170116s9999||||xx |||||||||||||| ||und|| aIT-CnALBAcIT-CnALBA aITALIANO aMULLIER CHARLES 0aVITA E FEDE DEGLI ADOLESCENTI.  a1a ed. a BOLOGNA - NAPOLIbDEHONIANE EDIZIONI c1993 [1° Ed.:1993 - Ed.Ling.Originale: 1992] a144 p.  aTRADUZIONE DAL FRANCESE DI MARIA ADELE COZZI. LA CRISI. I GENITORI. RUOLO DEGLI ANIMALI. FEDE: LUCI E OMBRE. LA PREGHIERA. LA MESSA. LE PROVE. L'APOSTOLATO. LA VOCAZIONE. LA CRESIMA.  aSocietà San Paolo EM - Piazza San Paolo, 14 - 12051 ALBA (CN) (non commercial uses only) ® Copyright 2017 aTRADUZIONE DAL FRANCESE DI MARIA ADELE COZZI. LA CRISI. I GENITORI. RUOLO DEGLI ANIMALI. FEDE: LUCI E OMBRE. LA PREGHIERA. LA MESSA. LE PROVE. L'APOSTOLATO. LA VOCAZIONE. LA CRESIMA.  aISTRUZIONE - EDUCAZIONE cBK 71 a33650bNOg Copie: 1 c287821d287821 0010406L_3712888171aALBAbALBAd2017-01-16l0oL371-28881r2017-01-16 00:00:00w2017-01-16yBKz(data import: 16 gennaio 2017) - By Epidotti, Vaglietti.